000 00530nam a2200193Ia 4500
003 GCL
008 140319s9999 xx 000 0 eng d
040 _aGCL /
_cGCL
082 0 4 _a371.9
_bH V
100 1 _aMAUMUSSON, VERONIQUE
245 1 0 _aVOTRE ENFANT ET LA LECTURE /
_cMAUMUSSON, VERONIQUE
700 1 _aHOBIER, CHRISTINE
260 _a[S.N] :
_bLE LIVRE DE POCHE ،
_c1992
300 _a127 P
650 0 4 _aLEARNING DISABILITIES
650 0 4 _aCOGNITION IN CHILDERN
650 0 4 _aCHILDREN - LEARNING
942 _2ddc
_cBK
999 _c10187
_d10187